000 01306nam a2200349Ia 4500
003 OSt
005 20221007123132.0
006 a|||||r|||| 00| 0
007 ta
008 221006b |||||||| |||| 00| 0 eng d
020 _a9780323497800 (hbk)
024 _a199645
037 _b5505, 14/03/2019, Ashutosh Technical Books
_cTextual
040 _aPAPL
_cPAPL
_beng
041 _2eng
_aeng
082 _aC21:(D), Q7 Carpa
100 _aDa Roz Alessandra L Ed.
_9716606
245 0 _aNanoscience and its applications
_b Ferreira Marysstela Ed. Leite Fabio De Lima Ed. Oliveira Jr. Osvaldo N Ed.
260 _aOxford
_bElsevier
_c2017
300 _ax, 228p. ill.
_ccm.
490 _aMicro & nano technologies series
500 _aIndex 221-228p.
650 _a Electrochemical sensors
_9716607
650 _a Nanoelectronics
650 _a Nanoneurobiophysics
_9716608
650 _aPhysics
700 _a Ferreira Marysstela Ed.
_9716609
700 _a Leite Fabio De Lima Ed.
_9716610
700 _a Oliveira Jr. Osvaldo N Ed.
_9716611
942 _hC21:(D), Q7 Carpa
_cTEXL
_2CC
999 _c1211422
_d1211422